| 000 | 00445nam a2200169Ia 4500 | ||
|---|---|---|---|
| 005 | 20250612142916.0 | ||
| 008 | 008 250505s9999 xx 000 0 eng d | ||
| 020 | _a9789391155612 | ||
| 040 |
_beng _cILCL |
||
| 041 |
_aeng _2eng |
||
| 084 | _aZ1 R2 | ||
| 100 |
_aKelsen, Hans _927159 |
||
| 245 | 0 | _aPrinciples of International Law | |
| 260 |
_aBangalore _bMPP House _c2022 |
||
| 300 | _axvii,461p. | ||
| 942 |
_cTB _2Colon Classification |
||
| 999 |
_c1312625 _d1312625 |
||